[Event "10. KUP SSOBZ"]
[Site "Našice"]
[Date "2017.02.18"]
[Round "3.2"]
[White "Prekratic, Marijan"]
[Black "Loncar, Marko"]
[Result "1-0"]
[WhiteElo "1902"]
[BlackElo "1821"]
[PlyCount "55"]
[EventDate "2017.02.17"]

1. d4 Nf6 2. Nd2 d5 3. Ngf3 g6 4. g3 Bg7 5. Bg2 O-O 6. O-O Nc6 7. c3 e6 8. Qc2
Qe7 9. Ne5 Nd7 10. f4 Ncxe5 11. fxe5 c5 12. e3 b6 13. Nf3 Bb7 14. Rf2 f6 15.
exf6 Rxf6 16. Bd2 Raf8 17. Be1 e5 18. Nxe5 Nxe5 19. Rxf6 Rxf6 20. dxe5 Qxe5 21.
Bf2 Bc6 22. Rd1 Bh6 23. Qd2 Rd6 24. Qd3 Kg7 25. b3 b5 26. c4 Kf6 27. cxd5 Rd8
28. e4 1-0

[Event "10. KUP SSOBZ"]
[Site "Našice"]
[Date "2017.02.18"]
[Round "3.2"]
[White "Skegro, Zvonimir"]
[Black "Novak, Grgur"]
[Result "1-0"]
[WhiteElo "1694"]
[BlackElo "1928"]
[PlyCount "67"]
[EventDate "2017.02.17"]

1. e4 c5 2. Nf3 d6 3. Bc4 e6 4. Nc3 a6 5. a4 Nf6 6. d4 cxd4 7. Nxd4 Be7 8. Be3
Nc6 9. Qd2 Bd7 10. Rd1 O-O 11. O-O Ng4 12. Nxc6 bxc6 13. Bf4 d5 14. exd5 cxd5
15. Be2 Nf6 16. Be5 Qb6 17. Bd4 Qc7 18. f4 Rfc8 19. Rf3 Bc5 20. Kh1 Bxd4 21.
Qxd4 Ne8 22. Bd3 g6 23. Ne2 Bxa4 24. Qxa4 Nf6 25. Ng3 h5 26. Qd4 Ng4 27. h3 e5
28. fxe5 Nxe5 29. Re3 Re8 30. Rde1 f6 31. Bxg6 Re7 32. Nxh5 Nxg6 33. Qxd5+ Kf8
34. Qxa8+ 1-0

[Event "10. KUP SSOBZ"]
[Site "Našice"]
[Date "2017.02.18"]
[Round "3.3"]
[White "Lijic, Josip"]
[Black "Dusper, Hrvoje"]
[Result "0-1"]
[WhiteElo "2038"]
[BlackElo "2191"]
[PlyCount "72"]
[EventDate "2017.02.17"]

1. d4 Nf6 2. g3 g6 3. Bg2 Bg7 4. Nf3 O-O 5. O-O d6 6. b3 c6 7. Bb2 Bf5 8. Nh4
Be4 9. f3 Bd5 10. e4 Be6 11. f4 d5 12. Nd2 Nxe4 13. Nxe4 dxe4 14. f5 Bc8 15.
Bxe4 c5 16. c3 cxd4 17. cxd4 Nc6 18. Nf3 Bxf5 19. Bxf5 gxf5 20. Qd2 Qd5 21.
Rad1 Rad8 22. Qf2 e6 23. Rd2 Rd7 24. Rfd1 Rfd8 25. Bc3 h6 26. Ne1 Qe4 27. Nc2
Ne7 28. Re1 Qg4 29. Ne3 Qg5 30. Nc4 Nd5 31. Bb2 Nf6 32. Ne5 Ne4 33. Rxe4 fxe4
34. Re2 Bxe5 35. dxe5 Rd1+ 36. Kg2 e3 0-1

[Event "10. KUP SSOBZ"]
[Site "Našice"]
[Date "2017.02.18"]
[Round "3.3"]
[White "Fridl, Miroslav"]
[Black "Pintaric, Ivica"]
[Result "1-0"]
[WhiteElo "1977"]
[BlackElo "2006"]
[PlyCount "89"]
[EventDate "2017.02.17"]

1. c4 Nf6 2. Nc3 g6 3. e4 d6 4. g3 c5 5. Bg2 e5 6. Nge2 Be6 7. d3 Nc6 8. O-O
Be7 9. h3 Nh5 10. Nd5 Bxd5 11. exd5 Nb8 12. Kh2 Ng7 13. f4 f6 14. fxe5 fxe5 15.
Be4 Nd7 16. Bh6 Nh5 17. g4 Nhf6 18. Ng3 Bf8 19. Bxf8 Rxf8 20. Qd2 Qe7 21. g5
Ng8 22. Rxf8+ Qxf8 23. Rf1 Qe7 24. Bf3 O-O-O 25. Bg4 Rf8 26. Rxf8+ Qxf8 27. Ne4
b6 28. Be6 Kc7 29. b4 Ne7 30. b5 Qg7 31. a4 Nf8 32. Bg4 Nf5 33. a5 h5 34. axb6+
axb6 35. Bxf5 gxf5 36. Nf6 Kb8 37. h4 Ng6 38. Qe2 Nf4 39. Nxh5 Nxh5 40. Qxh5 e4
41. Qe8+ Ka7 42. dxe4 Qb2+ 43. Kg3 Qe2 44. Qf7+ Ka8 45. Qxf5 1-0

[Event "10. KUP SSOBZ"]
[Site "Našice"]
[Date "2017.02.18"]
[Round "3.3"]
[White "Dvorski, Renato"]
[Black "Vitkovic, Andrija"]
[Result "1-0"]
[WhiteElo "1958"]
[BlackElo "1908"]
[PlyCount "97"]
[EventDate "2017.02.17"]

1. e4 e6 2. d4 d5 3. Nc3 dxe4 4. Nxe4 Nf6 5. Bd3 Be7 6. Nf3 Nbd7 7. O-O Nxe4 8.
Bxe4 Nf6 9. Qd3 Nxe4 10. Qxe4 O-O 11. Bf4 Bd6 12. Ng5 f5 13. Qe3 Bxf4 14. Qxf4
Rf6 15. Rfe1 Rg6 16. Nf3 b6 17. Ne5 Rh6 18. c3 Bb7 19. Nf3 Rg6 20. Re5 Rg4 21.
Qe3 Rg6 22. Rxe6 f4 23. Qe5 Rxe6 24. Qxe6+ Kf8 25. Ne5 Qe7 26. Qf5+ Kg8 27.
Qxf4 Rf8 28. Qe3 Qd6 29. f3 Qe6 30. b3 Qf5 31. Qd3 Qxd3 32. Nxd3 Rd8 33. Ne5 c5
34. Rd1 Kf8 35. Kf2 Ke7 36. Rd3 Kf6 37. dxc5 Rxd3 38. Nxd3 b5 39. Ke3 Ke6 40.
Kd4 Bc6 41. c4 a6 42. cxb5 axb5 43. Ne5 Be8 44. a3 g6 45. f4 h6 46. h4 h5 47.
g3 Ke7 48. Kd5 Kd8 49. Kd6 1-0

[Event "10. KUP SSOBZ"]
[Site "Našice"]
[Date "2017.02.18"]
[Round "3.3"]
[White "Turicar, Goran"]
[Black "Lijic, Kristina"]
[Result "1-0"]
[WhiteElo "1860"]
[BlackElo "1780"]
[PlyCount "111"]
[EventDate "2017.02.17"]

1. e4 c5 2. Nf3 d6 3. c3 Nf6 4. Be2 g6 5. O-O Bg7 6. d3 O-O 7. Be3 Nc6 8. h3 a6
9. Nbd2 b5 10. a3 Bb7 11. Nh2 e6 12. f4 Qd7 13. Ng4 Nh5 14. f5 exf5 15. exf5
Ng3 16. f6 Nf5 17. fxg7 Kxg7 18. Bf2 h5 19. Ne3 Nxe3 20. Bxe3 Rae8 21. Bf2 Qe7
22. Bf3 Ne5 23. Bxb7 Qxb7 24. d4 Nd3 25. Nf3 c4 26. b3 d5 27. bxc4 bxc4 28. Rb1
Qe7 29. Ne5 Nf4 30. Bg3 Ne6 31. Qa4 Qg5 32. Rxf7+ Rxf7 33. Qxe8 Re7 34. Qxg6+
Qxg6 35. Nxg6 Kxg6 36. Rb6 Kf5 37. Rxa6 Rg7 38. Be5 Rb7 39. g4+ hxg4 40. hxg4+
Kxg4 41. Rxe6 Rb3 42. Rg6+ Kf5 43. Rg3 Rxa3 44. Kf2 Rb3 45. Ke2 Ke4 46. Kd2 Kf5
47. Kc2 Ke4 48. Bd6 Rb5 49. Bb4 Rb6 50. Rg5 Re6 51. Kd2 Re8 52. Bd6 Re6 53.
Re5+ Rxe5 54. dxe5 Kf5 55. Ke3 Ke6 56. Kd4 1-0

[Event "10. KUP SSOBZ"]
[Site "Našice"]
[Date "2017.02.19"]
[Round "4.1"]
[White "Aleksic, Robert"]
[Black "Novak, Grgur"]
[Result "1/2-1/2"]
[WhiteElo "2153"]
[BlackElo "1928"]
[PlyCount "20"]
[EventDate "2017.02.17"]

1. e4 c5 2. Nf3 d6 3. d4 cxd4 4. Nxd4 Nf6 5. Nc3 a6 6. Bg5 e6 7. f4 Be7 8. Qf3
Qc7 9. Bd3 Nbd7 10. Nb3 b5 1/2-1/2

[Event "10. KUP SSOBZ"]
[Site "Našice"]
[Date "2017.02.19"]
[Round "4.2"]
[White "Mican, Mato"]
[Black "Dusper, Hrvoje"]
[Result "0-1"]
[WhiteElo "1931"]
[BlackElo "2191"]
[PlyCount "60"]
[EventDate "2017.02.17"]

1. e4 c5 2. Nc3 Nc6 3. f4 g6 4. Nf3 Bg7 5. Bb5 d6 6. d3 e6 7. O-O Nge7 8. Be3
O-O 9. a3 Nd4 10. Bc4 d5 11. Ba2 Nxf3+ 12. Qxf3 d4 13. Bd2 dxc3 14. Bxc3 Bxc3
15. bxc3 Nc6 16. h4 Qxh4 17. g3 Qf6 18. e5 Nxe5 19. fxe5 Qxe5 20. g4 Qxc3 21.
Bb3 Rb8 22. Qg3 Bd7 23. Rae1 Bc6 24. g5 Rbd8 25. Rf6 Bd5 26. Bxd5 Rxd5 27. Re2
Qxa3 28. Kg2 Qc1 29. Re5 Qxc2+ 30. Rf2 Qxd3 0-1

[Event "10. KUP SSOBZ"]
[Site "Našice"]
[Date "2017.02.19"]
[Round "4.2"]
[White "Fridl, Miroslav"]
[Black "Skocibusic, Ivo"]
[Result "0-1"]
[WhiteElo "1977"]
[BlackElo "1893"]
[PlyCount "114"]
[EventDate "2017.02.17"]

1. c4 c5 2. Nc3 Nf6 3. e4 Nc6 4. g3 e5 5. Bg2 d6 6. Nge2 Be6 7. d3 h6 8. O-O g5
9. Nd5 Bg7 10. Nxf6+ Bxf6 11. Be3 Qd7 12. Qd2 Rg8 13. a3 h5 14. b4 b6 15. Qb2
Rg6 16. b5 Na5 17. Nc3 h4 18. Nd5 Bxd5 19. cxd5 Ke7 20. Bd2 Nb7 21. Bc3 g4 22.
a4 Qc7 23. Rfb1 hxg3 24. fxg3 Rh8 25. Rf1 Bg5 26. Bd2 Bxd2 27. Qxd2 f6 28. Rf5
Na5 29. Qc3 Qd8 30. Raf1 Qf8 31. R1f2 Qh6 32. Bf1 Qe3 33. Qd2 Qd4 34. Qd1 c4
35. Be2 Rgh6 36. Kh1 Qe3 37. Qf1 cxd3 38. Bxd3 Qxg3 39. Qe2 Nb3 40. Rg2 Qh4 41.
Qc2 Nc5 42. Kg1 Qe1+ 43. Bf1 g3 44. Re2 Qa1 45. h3 Rxh3 46. Kg2 Qd4 47. Qd2
Rh2+ 48. Kf3 Qxd2 49. Rxd2 Rxd2 50. Kxg3 Nxe4+ 51. Kf3 Ng5+ 52. Ke3 Rxd5 53.
Rf2 Rh4 54. Bg2 Rdd4 55. Rc2 Rc4 56. Rd2 Rxa4 57. Bd5 Rad4 0-1

[Event "10. KUP SSOBZ"]
[Site "Našice"]
[Date "2017.02.19"]
[Round "4.2"]
[White "Mican, Karmela"]
[Black "Vitkovic, Andrija"]
[Result "1-0"]
[WhiteElo "1840"]
[BlackElo "1908"]
[PlyCount "83"]
[EventDate "2017.02.17"]

1. e4 d6 2. Nf3 g6 3. Bc4 Bg7 4. O-O Nf6 5. d3 O-O 6. Re1 Nc6 7. a3 Bg4 8. Nbd2
Ne5 9. Ba2 c5 10. h3 Bxf3 11. Nxf3 Nfd7 12. Nxe5 Bxe5 13. f4 Bd4+ 14. Kh1 e5
15. f5 Qh4 16. Rf1 Nf6 17. c3 Bf2 18. Qf3 Bg3 19. fxg6 Kg7 20. gxf7 h5 21. Bh6+
Kxh6 22. Qxf6+ Qxf6 23. Rxf6+ Kg7 24. Rxd6 Rad8 25. Rxd8 Rxd8 26. Bd5 b6 27.
Kg1 h4 28. Kf1 Rd6 29. Ke2 Rf6 30. Rf1 Bf4 31. Kd1 Kf8 32. Kc2 Rg6 33. Rf2 Rg3
34. Bc4 Re3 35. Kb3 Bg3 36. Rc2 Bf4 37. Ka4 Re1 38. Kb5 Rg1 39. Ka6 Rb1 40. a4
Rc1 41. Rxc1 Bxc1 42. Kxa7 1-0

[Event "10. KUP SSOBZ"]
[Site "Našice"]
[Date "2017.02.19"]
[Round "4.2"]
[White "Karlic, Hrvoje"]
[Black "Perci, Franjo"]
[Result "1-0"]
[WhiteElo "1940"]
[BlackElo "1700"]
[PlyCount "79"]
[EventDate "2017.02.17"]

1. e4 c5 2. Nc3 e6 3. Bc4 Nc6 4. Nf3 a6 5. a4 g6 6. d4 cxd4 7. Nxd4 Bg7 8. Nde2
Nge7 9. O-O O-O 10. f4 f5 11. e5 b6 12. Be3 Bb7 13. Qe1 Qc7 14. Bb3 Rac8 15.
Qf2 Nb4 16. Bxb6 Qc6 17. Rad1 Ned5 18. a5 Nxb6 19. axb6 Rcd8 20. Rd6 Qc8 21.
Rfd1 Nc6 22. Rxd7 Rfe8 23. Rxd8 Nxd8 24. Ba4 Re7 25. Qd4 Nc6 26. Qc4 Bf8 27.
Rd6 Na5 28. Qxc8 Bxc8 29. Rd8 Bb7 30. Nd4 Nc4 31. Bb3 Nxb6 32. Nxe6 Rxe6 33.
Bxe6+ Kg7 34. Rb8 Bc6 35. Kf1 Bc5 36. Rg8+ Kh6 37. g3 Na4 38. Nxa4 Bxa4 39. b3
Bb5+ 40. c4 1-0

[Event "10. KUP SSOBZ"]
[Site "Našice"]
[Date "2017.02.19"]
[Round "4.3"]
[White "Grguric, Stjepan-Kresimir"]
[Black "Ascic, Jozo"]
[Result "1-0"]
[WhiteElo "2108"]
[BlackElo "1856"]
[PlyCount "135"]
[EventDate "2017.02.17"]

1. e4 c5 2. Nf3 Nc6 3. d4 cxd4 4. Nxd4 d6 5. Nc3 Bd7 6. Bc4 a6 7. Be3 e6 8. O-O
Be7 9. a3 Rc8 10. Qe2 Nf6 11. h3 b5 12. Ba2 Qc7 13. f4 h6 14. Rf3 Nxd4 15. Bxd4
Bc6 16. Rg3 e5 17. Bf2 g6 18. Rf3 O-O 19. Rf1 Nh5 20. fxe5 dxe5 21. Be3 Nf4 22.
Bxf4 exf4 23. Rxf4 Be8 24. Nd5 Qa7+ 25. Kh1 Bg5 26. Rg4 Kg7 27. Bb3 Qd4 28. c3
Qe5 29. h4 Bd8 30. Rgf4 Rc6 31. Qf2 f6 32. Nb4 Rd6 33. Bd5 Bc7 34. Nd3 Qe7 35.
Nb4 Qe5 36. Qd4 Qh5 37. Qf2 Bd7 38. Qf3 Qe5 39. Nd3 Qe7 40. e5 Rb6 41. exf6+
Rbxf6 42. Rxf6 Rxf6 43. Qxf6+ Qxf6 44. Rxf6 Kxf6 45. Bb7 a5 46. Nc5 Bf5 47. Bc6
Bf4 48. Bxb5 Bc1 49. Na4 Bc2 50. b4 Bxa3 51. bxa5 Bxa4 52. Bxa4 Ke5 53. a6 Bc5
54. Kh2 Kd6 55. Kg3 Kc7 56. Bc2 Kb6 57. Bxg6 Kxa6 58. Kg4 Kb5 59. Bf7 Kc6 60.
Kh5 Be3 61. g4 Kd6 62. g5 Ke7 63. g6 Kf6 64. Kg4 Kg7 65. Kf5 h5 66. Bd5 Kh6 67.
Kf6 Bd2 68. c4 1-0

[Event "10. KUP SSOBZ"]
[Site "Našice"]
[Date "2017.02.19"]
[Round "4.3"]
[White "Macanga, Branko"]
[Black "Vihovanec, Tomislav"]
[Result "0-1"]
[WhiteElo "1900"]
[BlackElo "1995"]
[PlyCount "76"]
[EventDate "2017.02.17"]

1. Nf3 d5 2. c4 c6 3. g3 Bf5 4. Bg2 Nf6 5. O-O e6 6. d4 Nbd7 7. Nc3 Be7 8. c5
O-O 9. b4 Ne4 10. Bb2 a5 11. a3 Qc7 12. Nd2 Ndf6 13. f3 axb4 14. Ncxe4 dxe4 15.
fxe4 bxa3 16. Bxa3 Bg6 17. Qb3 Qa5 18. Nc4 Qa4 19. Qd3 Nd5 20. Nb2 Qa5 21. Nc4
Qc3 22. Rfb1 Bg5 23. Bf3 Rfd8 24. h4 Bf6 25. Bb2 Qxd3 26. exd3 Nb4 27. h5 Nxd3
28. hxg6 Nxb2 29. gxf7+ Kxf7 30. Nd6+ Rxd6 31. e5 Rxa1 32. Rxa1 Rxd4 33. exf6
Kxf6 34. Rf1 Ke7 35. Ra1 Rb4 36. Ra7 Kf6 37. Ra2 Nd3 38. Rc2 Ne1 0-1

[Event "10. KUP SSOBZ"]
[Site "Našice"]
[Date "2017.02.19"]
[Round "4.3"]
[White "Mravunac, Branko"]
[Black "Skegro, Zvonimir"]
[Result "1-0"]
[WhiteElo "1970"]
[BlackElo "1694"]
[PlyCount "59"]
[EventDate "2017.02.17"]

1. e4 c5 2. f4 Nc6 3. Nf3 g6 4. c3 Bg7 5. Na3 a6 6. Nc2 e6 7. Be2 Nge7 8. d3 b5
9. Be3 d5 10. Qd2 a5 11. h4 b4 12. h5 bxc3 13. bxc3 Bf8 14. Bxc5 dxe4 15. dxe4
Bb7 16. Rb1 Qxd2+ 17. Nxd2 Ba6 18. Bxa6 Rxa6 19. Nd4 Nc8 20. Bxf8 Rxf8 21. Ke2
Kd8 22. Nc4 Nxd4+ 23. cxd4 Nd6 24. Nxd6 Rxd6 25. Rhc1 Re8 26. Ke3 Re7 27. Rb8+
Kd7 28. Rbc8 e5 29. fxe5 Rb6 30. R1c7+ 1-0

[Event "10. KUP SSOBZ"]
[Site "Našice"]
[Date "2017.02.19"]
[Round "5.1"]
[White "Ascic, Jozo"]
[Black "Miletic, Josip"]
[Result "1/2-1/2"]
[WhiteElo "1856"]
[BlackElo "2158"]
[PlyCount "23"]
[EventDate "2017.02.17"]

1. e4 e5 2. Nf3 d6 3. d4 exd4 4. Nxd4 Nf6 5. Nc3 Be7 6. f3 Nc6 7. Bb5 Bd7 8.
O-O O-O 9. Be3 Nxd4 10. Qxd4 Bxb5 11. Nxb5 a6 12. Nc3 1/2-1/2

[Event "10. KUP SSOBZ"]
[Site "Našice"]
[Date "2017.02.19"]
[Round "5.1"]
[White "Zubak, Zeljko"]
[Black "Macanga, Branko"]
[Result "1/2-1/2"]
[WhiteElo "2039"]
[BlackElo "1900"]
[PlyCount "20"]
[EventDate "2017.02.17"]

1. d4 Nf6 2. c4 c5 3. d5 b5 4. e3 b4 5. b3 g6 6. Bb2 Bg7 7. Nf3 d6 8. Be2 O-O
9. O-O Nbd7 10. h3 a5 1/2-1/2

[Event "10. KUP SSOBZ"]
[Site "Našice"]
[Date "2017.02.19"]
[Round "5.1"]
[White "Skegro, Zvonimir"]
[Black "Gvozdanovic, Matija"]
[Result "1/2-1/2"]
[WhiteElo "1694"]
[BlackElo "1758"]
[PlyCount "20"]
[EventDate "2017.02.17"]

1. e4 e5 2. Nf3 Nc6 3. Bc4 h6 4. Nc3 Nf6 5. d3 Bc5 6. O-O d6 7. Na4 Bb6 8. Nxb6
axb6 9. a3 O-O 10. Ba2 Bg4 1/2-1/2

[Event "10. KUP SSOBZ"]
[Site "Našice"]
[Date "2017.02.19"]
[Round "5.2"]
[White "Nestorovic, Vladimir"]
[Black "Mican, Mato"]
[Result "1/2-1/2"]
[WhiteElo "2191"]
[BlackElo "1931"]
[PlyCount "101"]
[EventDate "2017.02.17"]

1. Nf3 Nf6 2. c4 e6 3. Nc3 d5 4. d4 Nbd7 5. Bg5 h6 6. Bh4 Be7 7. e3 O-O 8. Qc2
b6 9. Rd1 Bb7 10. Be2 Rc8 11. O-O dxc4 12. Bxc4 Bxf3 13. gxf3 Nh7 14. Bg3 Bd6
15. f4 Qe7 16. Nb5 c6 17. Nxd6 Qxd6 18. f5 Qe7 19. fxe6 fxe6 20. Ba6 Rcd8 21.
Qxc6 Nb8 22. Qa4 Nxa6 23. Qxa6 Ng5 24. f4 Ne4 25. Qe2 Qd7 26. Rc1 Rc8 27. Qg2
Qd5 28. Bh4 Rc6 29. Rxc6 Qxc6 30. Kh1 Rc8 31. f5 exf5 32. Rxf5 Qc1+ 33. Rf1
Qxe3 34. Qg4 Rc1 35. Rd1 Rxd1+ 36. Qxd1 g5 37. Be1 Qf4 38. Qe2 g4 39. Kg2 h5
40. d5 Qf5 41. Qd3 Nd6 42. Qxf5 Nxf5 43. Bd2 Kf7 44. Bf4 Ke7 45. a4 a6 46. Kf2
Kd7 47. Be5 h4 48. Bf4 h3 49. Be5 b5 50. b3 Ke7 51. Bf4 1/2-1/2

[Event "10. KUP SSOBZ"]
[Site "Našice"]
[Date "2017.02.19"]
[Round "5.2"]
[White "Skocibusic, Ivo"]
[Black "Cajzler, Hinko"]
[Result "1/2-1/2"]
[WhiteElo "1893"]
[BlackElo "2086"]
[PlyCount "59"]
[EventDate "2017.02.17"]

1. d4 Nf6 2. c4 e6 3. Nc3 c5 4. Nf3 cxd4 5. Nxd4 d5 6. Bg5 dxc4 7. e3 Be7 8.
Bxc4 a6 9. a4 O-O 10. O-O h6 11. Bh4 Bd7 12. Qb3 Nc6 13. Rfd1 Na5 14. Qa2 Nxc4
15. Qxc4 Qc8 16. Qe2 b6 17. Rac1 Qb7 18. e4 Rfe8 19. f3 b5 20. axb5 axb5 21.
Ndxb5 Bxb5 22. Qxb5 Qxb5 23. Nxb5 Reb8 24. Nd4 Rxb2 25. Rc2 Raa2 26. Rxb2 Rxb2
27. e5 Nd5 28. Bxe7 Nxe7 29. f4 Nd5 30. g3 1/2-1/2

[Event "10. KUP SSOBZ"]
[Site "Našice"]
[Date "2017.02.19"]
[Round "5.2"]
[White "Prekratic, Marijan"]
[Black "Mican, Karmela"]
[Result "1/2-1/2"]
[WhiteElo "1902"]
[BlackElo "1840"]
[PlyCount "64"]
[EventDate "2017.02.17"]

1. d4 Nf6 2. Nf3 e6 3. Nbd2 d5 4. c3 c5 5. e3 Nc6 6. Bd3 Bd6 7. h3 Bd7 8. O-O
Rc8 9. a3 O-O 10. b4 c4 11. Bb1 b5 12. Qc2 g6 13. e4 dxe4 14. Nxe4 Nxe4 15.
Qxe4 Be7 16. Bh6 Re8 17. Ra2 Bf6 18. Rd2 Ne7 19. Ne5 Nf5 20. Bf4 Bg7 21. Nxd7
Qxd7 22. Rfd1 Ne7 23. Qf3 Nd5 24. Bg3 Nf6 25. Be5 Nd5 26. Bxg7 Kxg7 27. Re2
Red8 28. Rde1 Qd6 29. g3 Qb6 30. h4 a5 31. Re5 Rc7 32. h5 Qd6 1/2-1/2

[Event "10. KUP SSOBZ"]
[Site "Našice"]
[Date "2017.02.19"]
[Round "5.2"]
[White "Perci, Franjo"]
[Black "Novak, Grgur"]
[Result "1-0"]
[WhiteElo "1700"]
[BlackElo "1928"]
[PlyCount "83"]
[EventDate "2017.02.17"]

1. e4 c5 2. Bc4 e6 3. Nc3 a6 4. a3 b5 5. Ba2 Bb7 6. d3 d6 7. Nf3 Nf6 8. O-O Be7
9. h3 Nbd7 10. Nh2 h6 11. f4 Qc7 12. f5 e5 13. Ng4 Rf8 14. Ne3 Nb6 15. Ng4
O-O-O 16. Bd2 d5 17. exd5 Nfxd5 18. Nxd5 Nxd5 19. Qe1 f6 20. c4 Nb6 21. cxb5
axb5 22. Be6+ Kb8 23. Qe2 Qc6 24. Ne3 g6 25. Rac1 gxf5 26. Bxf5 Qd6 27. Ba5 Ka7
28. b4 Qd4 29. Be4 Rg8 30. Kh1 Bxe4 31. dxe4 Rb8 32. Nf5 Qd7 33. Rfd1 Qe6 34.
Qxb5 Rgd8 35. Rxd8 Bxd8 36. bxc5 Nc4 37. Qxc4 Qxc4 38. Bb6+ Bxb6 39. cxb6+ Rxb6
40. Rxc4 Rb1+ 41. Kh2 Re1 42. Nxh6 1-0

[Event "10. KUP SSOBZ"]
[Site "Našice"]
[Date "2017.02.19"]
[Round "5.3"]
[White "Grguric, Stjepan-Kresimir"]
[Black "Lijic, Josip"]
[Result "1/2-1/2"]
[WhiteElo "2108"]
[BlackElo "2038"]
[PlyCount "68"]
[EventDate "2017.02.17"]

1. e4 d5 2. exd5 Nf6 3. Nf3 Nxd5 4. d4 Bg4 5. Be2 e6 6. O-O Nd7 7. c4 N5b6 8.
b3 Be7 9. Bb2 O-O 10. Qc2 c6 11. Nbd2 Qc7 12. Rad1 Rfd8 13. Bd3 Nf8 14. Rfe1
Nbd7 15. Re3 Bd6 16. g3 Bh5 17. Rde1 a5 18. Ne4 Bb4 19. R1e2 a4 20. Neg5 Nf6
21. d5 cxd5 22. Bxf6 gxf6 23. Nxh7 Kg7 24. Nxf8 Kxf8 25. cxd5 Qxc2 26. Rxc2
Rxd5 27. Be4 Rc5 28. Rxc5 Bxc5 29. Rc3 axb3 30. axb3 Ra1+ 31. Kg2 b6 32. Nd2
Bd1 33. Bf3 Ra2 34. Ne4 Bxf3+ 1/2-1/2

[Event "10. KUP SSOBZ"]
[Site "Našice"]
[Date "2017.02.19"]
[Round "5.3"]
[White "Pintaric, Ivica"]
[Black "Mravunac, Branko"]
[Result "0-1"]
[WhiteElo "2006"]
[BlackElo "1970"]
[PlyCount "72"]
[EventDate "2017.02.17"]

1. e4 g6 2. Bc4 c6 3. Bb3 d6 4. d4 Nf6 5. Qd3 Bg7 6. c3 O-O 7. h3 a5 8. Ne2 a4
9. Bc2 Nxe4 10. Qd1 d5 11. Bxa4 e5 12. O-O Qh4 13. Bc2 f5 14. f3 Ng3 15. Nxg3
Qxg3 16. f4 exd4 17. Rf3 Qh4 18. cxd4 Nd7 19. Be3 Qe7 20. Nd2 Nf6 21. Bf2 Ne4
22. Nb3 b6 23. a3 Ba6 24. Bd3 Bc4 25. Bf1 Rae8 26. Be1 Qa7 27. Bc3 b5 28. Nc1
Re6 29. Kh2 Rfe8 30. a4 Nxc3 31. bxc3 Re1 32. Qc2 Bxf1 33. Ra3 Bc4 34. Qb2 Bf8
35. Ra1 bxa4 36. Na2 R8e2 0-1

[Event "10. KUP SSOBZ"]
[Site "Našice"]
[Date "2017.02.19"]
[Round "5.3"]
[White "Oreskovic, Pero"]
[Black "Dvorski, Renato"]
[Result "0-1"]
[WhiteElo "1975"]
[BlackElo "1958"]
[PlyCount "144"]
[EventDate "2017.02.17"]

1. Nf3 d5 2. g3 Nf6 3. Bg2 c5 4. c4 e6 5. O-O Nc6 6. d3 h6 7. a3 Bd6 8. Nbd2
O-O 9. b3 d4 10. b4 cxb4 11. axb4 Bxb4 12. Ba3 Bxa3 13. Rxa3 Qd6 14. Qb3 b6 15.
Qb2 Bd7 16. Nb3 e5 17. Nfd2 Rac8 18. Rc1 Rc7 19. c5 bxc5 20. Nxc5 Rb8 21. Qa1
Nb4 22. Nde4 Nxe4 23. Nxe4 Rxc1+ 24. Qxc1 Qb6 25. Nd2 Rc8 26. Nc4 Be6 27. Be4
Bxc4 28. dxc4 Qc5 29. Qa1 Qxc4 30. Rxa7 Qc1+ 31. Qxc1 Rxc1+ 32. Kg2 Rc8 33. Ra5
f6 34. Rb5 Nc6 35. Bd5+ Kf8 36. Rb7 Ne7 37. Be6 Rd8 38. Bc4 e4 39. Kf1 Rc8 40.
Be6 Rd8 41. Ke1 g6 42. Kd2 f5 43. h4 Ra8 44. Rd7 Ra4 45. Kc2 Ra6 46. Bb3 Rc6+
47. Kd2 Rb6 48. Kc2 Rc6+ 49. Kb2 d3 50. exd3 exd3 51. Rxd3 Kg7 52. Rd8 Rf6 53.
f4 Rf8 54. Rd6 Rc8 55. Be6 Rc6 56. Rxc6 Nxc6 57. Kc3 Kf6 58. Bd7 Nd8 59. Kd4
Nf7 60. Kd5 Ke7 61. Ba4 Nd6 62. Bc2 Ne8 63. Ke5 Nf6 64. Bd1 Nd7+ 65. Kd5 Nf6+
66. Ke5 Ne4 67. g4 Nf2 68. gxf5 Nxd1 69. fxg6 Ne3 70. h5 Ng4+ 71. Kf5 Nf6 72.
g7 Kf7 0-1